Parishes of the Independent State of Croatia in 1943 on a Map - Statistics

General Stats
  • This quiz has been taken 32 times
  • The average score is 6 of 22
Answers on the Map
Answers color-coded by a green-red scale on the quiz's map according to % correct below.
 
Answer Stats
Answer % Correct
Građanska Sušak-Rijeka
73%
Sana-Luka
55%
Lika-Gacka
50%
Zagorje
41%
Hum
32%
Bribir
27%
Cetina
27%
Vrhbosna
27%
Baranja
23%
Bilogora
23%
Dubrava
23%
Lašva-Pliva
23%
Modruš
23%
Sidraga-Ravni Kotari
23%
Usora-Soli
23%
Vinodol-Podgorje
23%
Vuka
23%
Gora-Prigorje
18%
Krbava-Psat
18%
Livac-Zapolje
18%
Posavje
18%
Pokupje
9%
No matching quizzes found
Score Distribution
Percent of People with Each Score
Percentile by Number Answered
Your Score History
You have not taken this quiz